La técnica de 35 mm (Record no. 111896)

MARC details
000 -LEADER
campo de control de longitud fija 00620nam a2200193 4500
001 - NÚMERO DE CONTROL
campo de control 111896
003 - IDENTIFICADOR DE NÚMERO DE CONTROL
campo de control ES-MaACL
007 - CAMPO FIJO DE DESCRIPCIÓN FÍSICA--INFORMACIÓN GENERAL
campo de control de longitud fija t|
008 - DATOS DE LONGITUD FIJA--INFORMACIÓN GENERAL
campo de control de longitud fija 061121s1954 sp r ||||1| spa d
100 1# - ENTRADA PRINCIPAL--NOMBRE DE PERSONA
Nombre de persona Newcombe, H. S.
9 (RLIN) 85480
245 13 - MENCIÓN DEL TÍTULO
Título La técnica de 35 mm
Resto del título : la práctica con las cámaras miniatura /
Mención de responsabilidad, etc. H. S. Newcombe; traducción por Roberto Kallmeyer.
260 ## - PUBLICACIÓN, DISTRIBUCIÓN, ETC.
Lugar de publicación, distribución, etc. Barcelona :
Nombre del editor, distribuidor, etc. Omega,
Fecha de publicación, distribución, etc. 1954.
300 ## - DESCRIPCIÓN FÍSICA
Extensión 279 p., 22 lám. :
Otras características físicas il. ;
Dimensiones 21 cm.
490 1# - MENCIÓN DE SERIE
Mención de serie Foto biblioteca
700 1# - ENTRADA AGREGADA--NOMBRE PERSONAL
Nombre de persona Kallmeyer, Roberto.
9 (RLIN) 67456
830 0# - PUNTO DE ACCESO ADICIONAL DE SERIE-TÍTULO UNIFORME
Título uniforme Foto biblioteca
9 (RLIN) 181378
852 ## - LOCALIZACIÓN
Ubicación ES-MaACL
Número de control de estantería C-9255
Sublocalización o colección R.36889
Holdings
Estatus retirado Estado de pérdida Estado de daño No para préstamo Biblioteca de origen Biblioteca actual Ubicación en estantería Fecha de adquisición Fuente de adquisición Total de préstamos Signatura topográfica completa Código de barras Visto por última vez Precio de reemplazo Tipo de ítem Koha
        Biblioteca del Ateneo de Madrid Biblioteca del Ateneo de Madrid Sala Palomar 17/01/2008     C-9255 1116723 23/02/2023 23/02/2023 Libro impreso